[Event "Huarte Puente Foral op-B 5th"]
[Site "Huarte"]
[Date "2010.12.07"]
[Round "6"]
[White "Vazquez Arellano, Julio"]
[Black "Arcos Garcia, Manuel"]
[Result "1-0"]
[WhiteElo "1784"]
[BlackElo "1404"]
[PlyCount "50"]
[EventDate "2010.12.03"]
[EventType "swiss"]
[EventRounds "7"]
[EventCountry "ESP"]
[SourceTitle "EXT 2016"]
[Source "ChessBase"]
[SourceDate "2015.10.08"]
[SourceVersion "1"]
[SourceVersionDate "2015.10.08"]
[SourceQuality "1"]

1. c4 f5 2. Nc3 Nf6 3. Nf3 e6 4. d3 Bb4 5. Bd2 b6 6. g3 Bb7 7. Bg2 d6 8. 0-0 Bxc3 9. Bxc3 Nbd7 10. Ng5 Bxg2 11. Nxe6 Qc8 12. Kxg2 Qb7+ 13. f3 Kf7 14. Ng5+ Ke7 15. Nh3 Rae8 16. Re1 Rhg8 17. Kf2 Kd8 18. e4 g6 19. Nf4 Nh5 20. Nxh5 gxh5 21. f4 h4 22. exf5 hxg3+ 23. hxg3 Rgf8 24. Qh5 b5 25. Qf3 Qb6+ 1-0